CEPAL `85: crisis para rato /
Збережено в:
| Автор: | |
|---|---|
| Формат: | Текст |
| Предмети: | |
| Теги: |
Додати тег
Немає тегів, Будьте першим, хто поставить тег для цього запису!
|
MARC
| LEADER | 00000 a a2200000 04500 | ||
|---|---|---|---|
| 001 | 12082 | ||
| 003 | |||
| 040 | |||
| 100 | |a Croes, Edwin | ||
| 245 | |a CEPAL `85: |b crisis para rato / |c Edwin Croes | ||
| 650 | |a RECESION ECONOMICA | ||
| 650 | |a CONDICIONES ECONOMICAS | ||
| 650 | |a INFLACION | ||
| 650 | |a IMPORTACIONES | ||
| 650 | |a EXPORTACIONES | ||
| 650 | |a PRODUCTO INTERNO BRUTO | ||
| 650 | |a CAPITAL | ||
| 650 | |a FMI | ||
| 773 | |g número 31; páginas 28-33 | ||
| 999 | |c 20394 |d 20394 | ||
